000 00654nam a2200217Ia 4500
003 OSt
005 20250704154038.0
008 210210b1992 xxu||||| |||| 00| 0 eng d
040 _cAL
041 _aKannada
082 _aK894.109 JAVV
100 _aJAVAREGAUDA (De)
_dಜವರೇಗೌಡ (ದೇ)
_9217335
245 _aVachanagalalli vaicharikate.
_bವಚನಗಳಲ್ಲಿ ವೈಚಾರಿಕತೆ
260 _aMangaluru
_bPrasaranga Vishvavidyalaya
_c1992
300 _av,59
650 _avaicharikate.
_9217336
650 _aVachanagalalli
_9217337
690 _aKannada Poetry Criticism
_9217338
906 _a047495
942 _2ddc
_cBK
999 _c96532
_d96532